UEFA Champions league Final Records and Stats - Statistics

General Stats
  • This quiz has been taken 56 times
    35 since last reset
  • The average score is 17 of 83
Answer Stats
Hint Answer % Correct
4 (2008, 2014, 2017) Cristiano Ronaldo
100%
3 (2014, 2018) Gareth Bale
87%
2 (2009, 2011) Lionel Messi
61%
6 (2008, 2009, 2014, 2016, 2017, 2018) Cristiano Ronaldo
57%
2 (2007) Filippo Inzaghi
57%
2 (2006, 2009) Samuel Eto'o
57%
2 (2010) Diego Milito
52%
2 (2014, 2016) Sergio Ramos
52%
6 (1993, 1994, 1995, 2003, 2005, 2007) Paolo Maldini
48%
2 (2000, 2002) Raul Gonzalez
48%
3 (2009, 2011, 2015) Andres Iniesta
43%
2 (2014, 2017) Luka Modric
43%
2 (2005) Hernan Crespo
39%
2 (2013, 2017) Mario Mandzukic
39%
5 (2012, 2016, 2017, 2018, 2022) Toni Kroos
39%
2 (2009, 2011) Xavi Hernandez
39%
1 (2023) Ederson
35%
1 (2022) Thibaut Courtois
35%
5 (1995, 1998, 2003, 2005, 2007) Clarence Seedorf
30%
5 (2014, 2016, 2017, 2018, 2022) Karim Benzema
30%
2 (2005, 2007) Andrea Pirlo
26%
1 (2021) Edouard Mendy
26%
1 (2010) Julio Cesar
26%
5 (2014, 2016, 2017, 2018, 2022) Luka Modrić
26%
1 (2020) Manuel Neuer
26%
2 (1999, 2011) Ryan Giggs
26%
1 (2019) Allison Becker
22%
1 (2017) Cristiano Ronaldo
22%
5 (1995, 1996, 2008, 2009, 2011) Edwin van der Sar
22%
2 (2005, 2007) Kaka
22%
2 (2017, 2018) Marcelo
22%
1 (2023) Rodri
22%
3 (2014, 2016, 2017) Sergio Ramos
22%
1 (2022) Thibaut Courtois
22%
1 (2003) Dida
17%
1 (2003) Gianluigi Buffon
17%
1 (2000) Iker Casillas
17%
1 (2006) Jens Lehmann
17%
1 (2020) Kingsley Coman
17%
1 (2009) Victor Valdes
17%
2 (1994) Daniele Massaro
13%
1 (2008) Didier Drogba
13%
1 (1995) Edwin van der Sar
13%
1 (2018) Gareth Bale
13%
2 (2006) Henrik Larsson
13%
2 (1997) Karl-Heinz Riedle
13%
1 (2021) N'Golo Kanté
13%
5 (2004, 2008, 2009, 2011, 2015) Patrice Evra
13%
2 (2002) Roberto Carlos
13%
1 (2016) Sergio Ramos
13%
1 (2019) Virgil van Dijk
13%
1 (2004) Vitor Baia
13%
2 (1997) Andreas Moller
9%
2 (2009, 2014) Cristiano Ronaldo
9%
1 (2004) Deco
9%
1 (1993) Fabien Barthez
9%
1 (2017) Juan Cuadrado
9%
1 (2001) Oliver Kahn
9%
1 (2013) Arjen Robben
4%
1 (1998) Bodo Illgner
4%
2 (2016, 2017) Dani Carvajal
4%
1 (2012) Didier Drogba
4%
1 (2010) Diego Milito
4%
1 (2008) Edwin van der Sar
4%
1 (2007) Filippo Inzaghi
4%
2 (2014, 2016) Juanfran
4%
1 (2011) Lionel Messi
4%
3 (1998, 2000, 2002) Roberto Carlos
4%
1 (2006) Samuel Eto'o
4%
1 (1994) Sebastiano Rossi
4%
1 (2009) Xavi Hernandez
4%
1 (2002) Zinedine Zidane
4%
1 (2015) Andres Iniesta
0%
1 (2014) Angel Di Maria
0%
5 (2014, 2016, 2017, 2018, 2022) Dani Carvajal
0%
2 (1995, 1996) Danny Blind
0%
2 (2012, 2016) Fernando Torres
0%
2 (2014, 2016) Gabi
0%
2 (2005, 2007) Jamie Carragher
0%
2 (2000, 2002) Michel Salgado
0%
1 (2003) Paolo Maldini
0%
2 (2000, 2001) Santiago Canizares
0%
1 (2005) Steven Gerrard
0%
No matching quizzes found
Score Distribution
Percent of People with Each Score
Percentile by Number Answered
Your Score History
You have not taken this quiz since the last reset